000 00228nam a2200085Ia 4500
245 0 _aReadings in African politics
100 _a Young, Tom Oxford, 2003
_9115053
942 _cBK
008 210825s9999 xx 000 0 und d
999 _c553445
_d553444